|
|
|
|
| LEADER |
01018nam a2200289 a 4500 |
| 001 |
269 |
| 003 |
BD-DhAAL |
| 005 |
20150312101204.0 |
| 008 |
150312s1995 txua b 001 0 eng |
| 010 |
|
|
|a 94069134
|
| 020 |
|
|
|a 0030983487
|
| 040 |
|
|
|a DLC
|c DLC
|d BD-DhAAL
|
| 050 |
0 |
0 |
|a HD30.22
|b .P36 1995
|
| 082 |
0 |
0 |
|a 338.5/024658
|2 20
|
| 100 |
1 |
|
|a Hirschey, Mark.
|9 9454
|
| 245 |
1 |
0 |
|a Fundamentals of managerial economics /
|c Mark Hirschey, James L. Pappas.
|
| 250 |
|
|
|a 5th ed.
|
| 260 |
|
|
|a Fort Worth :
|b Dryden Press,
|c c1995.
|
| 300 |
|
|
|a xxii, 953 p. :
|b ill. (some col.) ;
|c 24 cm.
|
| 490 |
|
|
|a The Dryden Press series in economics
|
| 504 |
|
|
|a Includes bibliographical references and index.
|
| 541 |
|
|
|e 269
|
| 650 |
|
0 |
|a Managerial economics.
|9 9455
|
| 700 |
1 |
|
|a Pappas, James L.
|9 9456
|
| 942 |
|
|
|2 ddc
|c BK
|
| 999 |
|
|
|c 33988
|d 33988
|
| 952 |
|
|
|0 0
|1 0
|2 ddc
|4 0
|6 338_502465800000000_HIR
|7 0
|9 53046
|a SCL
|b SCL
|c GEN
|d 2015-03-12
|e Gift: The Asia Foundation
|l 0
|o 338.5024658 HIR
|p 3020000269
|r 2015-03-12
|t 1
|w 2015-03-12
|y BK
|